Pays qui revendiquent les îles Paracels et les îles Spratley - Statistiques

Statistiques générales
  • Ce quiz a été pris 31 fois
  • Le résultat moyen est 7 sur 9
Statistiques - réponses
Plus grande formation géologique contrôlée Pays % Correct
Île Boisée Chine
100%
Ile de Itu Aba de 1895 à 1945 Japon
95%
Île Spratley Vietnam
91%
Île Thitu Philippines
86%
Récif Swallow Malaisie
82%
Île de Itu Aba Taïwan
82%
Récif Louisa Brunei
77%
Île Boisée de 1883 à 1952 France (Indochine Française)
68%
île Boisée de 1952 à 1972 Vietnam du Sud
14%
Aucun quiz correspondant
Distribution des résultats
% des personnes avec chaque résultat
Percentile par nombre de réponses
Votre historique - résultats
Vous n’avez pas pris ce quiz